Tài liệu luyện thi chứng chỉ IELTS các khối thi đào tạo tổng quát = Prepare for IELTS general training modules /

Gespeichert in:
Bibliographische Detailangaben
1. Verfasser: Cameron, Penny
Weitere Verfasser: Lê Huy Lâm (dịch), Todd, Vanessa
Format: Sách giấy
Sprache:English
Vietnamese
Veröffentlicht: TP.HCM : TP.HCM , 2000
Tags: Tag hinzufügen
Keine Tags, Fügen Sie den ersten Tag hinzu!
Thư viện lưu trữ: Thư viện Trường Đại học Đà Lạt
LEADER 00738nam a2200265 4500
001 DLU020018180
005 ##6/21/2001
020 # # |a 978- 
041 # # |a eng  |a vie 
082 # # |a 428  |b CA-P 
100 # # |a Cameron, Penny 
245 # # |a Tài liệu luyện thi chứng chỉ IELTS các khối thi đào tạo tổng quát =  |b Prepare for IELTS general training modules /  |c Penny Cameron, Vanessa Todd; Lê Huy Lâm 
260 # # |a TP.HCM :  |b TP.HCM ,  |c 2000 
300 # # |a 222 tr.;   |c 21 cm. 
700 # # |a Lê Huy Lâm  |e dịch 
700 # # |a Todd, Vanessa 
992 # # |a 28000 
994 # # |a DLU 
900 # # |a False 
911 # # |a Administrator 
925 # # |a G 
926 # # |a A 
927 # # |a SH 
980 # # |a Thư viện Trường Đại học Đà Lạt